Dix films pour en parler (notice n° 2223669)
[ vue normale ]
| 000 -LEADER | |
|---|---|
| fixed length control field | 01264cam a2200229 4500500 |
| 005 - DATE AND TIME OF LATEST TRANSACTION | |
| control field | 20260426012147.0 |
| 041 ## - LANGUAGE CODE | |
| Language code of text/sound track or separate title | fre |
| 042 ## - AUTHENTICATION CODE | |
| Authentication code | dc |
| 100 10 - MAIN ENTRY--PERSONAL NAME | |
| Personal name | Molinier, Pierre |
| Relator term | author |
| 245 00 - TITLE STATEMENT | |
| Title | Dix films pour en parler |
| 260 ## - PUBLICATION, DISTRIBUTION, ETC. | |
| Date of publication, distribution, etc. | 2009.<br/> |
| 500 ## - GENERAL NOTE | |
| General note | 43 |
| 520 ## - SUMMARY, ETC. | |
| Summary, etc. | RésuméLe niveau dramatique des violences conjugales en ce début de xxie siècle appelle des réponses appropriées que ne paraissent pas apporter les diverses campagnes de communication officielles. Le projet de Emmanuelle Millet, fédérant la créativité de dix cinéastes pour lutter par l’image contre ce fléau, offre une alternative forte par le contenu des films et leurs modes de diffusion diversifiés favorisés par leur gratuité.Cet article vise à comprendre les modalités psychiques et cognitives mobilisées pour mettre en œuvre une parole salvatrice de la part des victimes de ces violences. |
| 690 ## - LOCAL SUBJECT ADDED ENTRY--TOPICAL TERM (OCLC, RLIN) | |
| Topical term or geographic name as entry element | communication |
| 690 ## - LOCAL SUBJECT ADDED ENTRY--TOPICAL TERM (OCLC, RLIN) | |
| Topical term or geographic name as entry element | création filmique |
| 690 ## - LOCAL SUBJECT ADDED ENTRY--TOPICAL TERM (OCLC, RLIN) | |
| Topical term or geographic name as entry element | figures |
| 690 ## - LOCAL SUBJECT ADDED ENTRY--TOPICAL TERM (OCLC, RLIN) | |
| Topical term or geographic name as entry element | voir ensemble |
| 700 10 - ADDED ENTRY--PERSONAL NAME | |
| Personal name | Zaouche-Gaudron, Chantal |
| Relator term | author |
| 700 10 - ADDED ENTRY--PERSONAL NAME | |
| Personal name | Millet, Emmanuelle |
| Relator term | author |
| 786 0# - DATA SOURCE ENTRY | |
| Note | Empan | 73 | 1 | 2009-06-05 | p. 12-23 | 1152-3336 |
| 856 41 - ELECTRONIC LOCATION AND ACCESS | |
| Uniform Resource Identifier | <a href="https://shs.cairn.info/revue-empan-2009-1-page-12?lang=fr&redirect-ssocas=7080">https://shs.cairn.info/revue-empan-2009-1-page-12?lang=fr&redirect-ssocas=7080</a> |
Pas d'exemplaire disponible.




Réseaux sociaux